000 02665nam0a2200433 4500
001 RU\NLR\BIBL_A\011661652
005 20200329225521.0
010 _a978-5-7996-2054-7
_950
021 _aRU
_bКН-П-18-011822
_9КН-П-18-0834
035 _a(NLR Aleph) 011661652
035 _a(RuMoRGB)009548130
090 _a11185116
_c11185116
100 _a20180321d2017 u y0rusy50 ca
101 0 _arus
102 _aRU
105 _aa|||j|||000zy
135 _acrmn mmmancda
200 1 _aГимнастика: теория и методика преподавания
_eучебное пособие
_eдля студентов, обучающихся по программам бакалавриата и магистратуры по направлению подготовки 49.03.01 "Физическая культура"
_fТ. М. Лебедихина
_gМинистерство образования и науки Российской Федерации, Уральский федеральный университет имени первого Президента России Б. Н. Ельцина, [Институт физической культуры, спорта и молодежной политики]
210 _aЕкатеринбург
_cИзд-во Уральского университета
_d2017
215 _a109, [1] с.
_cил., табл.
_d20
320 _aБиблиогр.: с. 99
325 _aКопия доступна в Электрон. б-ке РНБ
606 1 _aГимнастика
_jУчебные издания для высших учебных заведений
_9952930
_3RU\NLR\AUTH\6635731
606 1 _aГимнастика
_jУчебные издания для высших учебных заведений
_xОбучение
_xСредняя школа
_92177457
_3RU\NLR\AUTH\661309586
686 _aЧ516.14я73-1
_2rubbk
686 1 _aЧ516я73
686 1 _aЧ426.73-1
700 1 _aЛебедихина
_bТ. М.
_gТатьяна Михайловна
856 0 _uhttp://vivaldi.nlr.ru/bx000020700/view
856 1 _uhttp://vivaldi.nlr.ru/bx000020700/cover
856 2 _uhttp://vivaldi.nlr.ru/bx000020700/text
942 _cBOOK
980 _aNBR
980 _aNB
981 1 3 _a(13) Документы, защищенные авторским правом
_b(13) Современная научная, научно-популярная и популярная л